REPAIR OF INDUSTRIAL EQUIP (Record no. 779108)

MARC details
000 -LEADER
fixed length control field 00432pam a2200181a 44500
008 - FIXED-LENGTH DATA ELEMENTS--GENERAL INFORMATION
fixed length control field 230405s1975 xxu||||| |||| 00| 0 eng d
041 ## - LANGUAGE CODE
Language code of text/sound track or separate title ENG
100 ## - MAIN ENTRY--PERSONAL NAME
Personal name GELBERG
245 ## - TITLE STATEMENT
Title REPAIR OF INDUSTRIAL EQUIP
260 ## - PUBLICATION, DISTRIBUTION, ETC.
Place of publication, distribution, etc. NONE
Name of publisher, distributor, etc. MIR PUBLISHERS MOSCOW
Date of publication, distribution, etc. 1975
300 ## - PHYSICAL DESCRIPTION
Extent 352p.
440 ## - SERIES STATEMENT/ADDED ENTRY--TITLE
Title RS.150
650 ## - SUBJECT ADDED ENTRY--TOPICAL TERM
Topical term or geographic name entry element INDUSTRIAL INSTRUMENTATION AND CONTROL
690 ## - LOCAL SUBJECT ADDED ENTRY--TOPICAL TERM (OCLC, RLIN)
Topical term or geographic name as entry element EJ
700 ## - ADDED ENTRY--PERSONAL NAME
Personal name PEKELIS G.
700 ## - ADDED ENTRY--PERSONAL NAME
Personal name B.
906 ## - LOCAL DATA ELEMENT F, LDF (RLIN)
a 727
Holdings
Withdrawn status Lost status Damaged status Not for loan Collection Home library Current library Shelving location Date acquired Total Checkouts Full call number Barcode Date last seen Price effective from Koha item type
          Institute of Technology(Poly), Kolhapur Institute of Technology(Poly), Kolhapur   27/04/2013   621.381044/GEL,PEK ITK-1691 26/07/2023 26/07/2023 Book